Manual de tutoría universitaria: recursos para la acción

Salvato in:
Dettagli Bibliografici
Autore principale: Rodríguez Espinar, Sebastián (Autore)
Natura: Libro
Lingua:spagnolo
Pubblicazione: Barcelona Octaedro 2004
Barcelona ICE 2004
Edizione:1a. ed
Soggetti:
Tags: Aggiungi Tag
Nessun Tag, puoi essere il primo ad aggiungerne!!

MARC

LEADER 00000nam a2200000 a 4500
001 UCG2350
003 CL-VaPUC
008 100708e20040600SP |||||||||||||||||spa|d
020 |a 8480636920 
082 0 4 |a 371.394  |b ROD  |2 21 
100 0 |a Rodríguez Espinar, Sebastián  |e author  |9 550825 
245 1 0 |a Manual de tutoría universitaria: recursos para la acción 
250 |a 1a. ed 
300 |a 171 p 
942 |c BK 
945 |d 20100708 00:00:00  |a dcastane 
260 |a Barcelona  |b Octaedro  |c 2004 
260 |a Barcelona  |b ICE  |c 2004 
500 |a Incluye CD 
650 0 |a Educación superior   |9 223851 
650 7 |a TUTORIA  |2 CL-VaPUC  |9 335054 
650 0 |a Métodos de enseñanza  |9 270413 
650 7 |a MICROENSEÑANZA  |2 CL-VaPUC  |9 312930 
583 |a last modification  |c 20130326 11:40:24  |k Rodrigo Vera 
999 |c 341566  |d 341564 
952 |0 0  |1 0  |4 0  |6 371_394000000000000_ROD_2004_2004  |7 0  |8 A  |9 437168  |a BIBEDU  |b BIBEDU  |d 2019-11-22  |i 4693477  |o 371.394 ROD 2004 2004  |p 4693477  |r 2019-11-22  |w 2019-11-22  |y BK  |k EBA